000 00542nam a22001697a 4500
999 _c525307
_d525307
003 NUST
005 20190630103747.0
008 190630b ||||| |||| 00| 0 eng d
038 _aAttaullah
082 _a620
100 _aAziz, Aqsa
_916042
245 _aSynthesis and Characterization of ZnO Nanoparticles for Potential Application in Photocatalysis /
_bAqsa Aziz.
260 _aIslamabad :
_bSCME - NUST,
_c2018.
300 _axi ,75 p. : ill. ; 30cm.
600 _aNanoscience and Engineering - MS Thesis.
_916043
942 _2ddc
_cTHE